Central Library OPAC University of Rajshahi

Saving in Bangladesh, 1959/60-1969/70 / (Record no. 4139)

MARC details
000 -LEADER
fixed length control field 01027nam a2200289 i 4500
001 - CONTROL NUMBER
control field 4139
003 - CONTROL NUMBER IDENTIFIER
rucl marc code BD-RjUL
005 - DATE AND TIME OF LATEST TRANSACTION
control field 20211208233835.0
008 - FIXED-LENGTH DATA ELEMENTS--GENERAL INFORMATION
fixed length control field 131222s1974 bg b 00010 eng
035 ## - SYSTEM CONTROL NUMBER
System control number (BD-RjUL)4173
040 ## - CATALOGING SOURCE
Original cataloging agency BD-RjUL
Language of cataloging eng
Transcribing agency BD-RjUL
041 ## - LANGUAGE CODE
Language code of text/sound track or separate title eng
082 00 - DEWEY DECIMAL CLASSIFICATION NUMBER
Classification number 332.0415095492
Author mark and year ALS 1974
100 10 - MAIN ENTRY--PERSONAL NAME
Personal name Alamgir, Mohiuddin,
Dates associated with a name 1943-
9 (RLIN) 13133
245 10 - TITLE STATEMENT
Title Saving in Bangladesh, 1959/60-1969/70 /
Statement of responsibility, etc. by Mohiuddin Alamgir, Atiqur Rahman.
260 0# - PUBLICATION, DISTRIBUTION, ETC. (IMPRINT)
Place of publication, distribution, etc. Dacca :
Name of publisher, distributor, etc. Bangladesh Institute of Development Studies,
Date of publication, distribution, etc. 1974.
300 ## - PHYSICAL DESCRIPTION
Pagination xv, 260 p. ;
Size 22 cm.
490 1# - SERIES STATEMENT
Series statement Research monograph - Bangladesh Institute of Development Studies ; no. 2
500 ## - GENERAL NOTE
General note Tk30.00 ($10.00 U.S.)
504 ## - BIBLIOGRAPHY, ETC. NOTE
Bibliography, etc Includes bibliographical references.
650 #0 - SUBJECT ADDED ENTRY--TOPICAL TERM
Topical term or geographic name as entry element Saving and investment
Geographic subdivision Bangladesh.
9 (RLIN) 13134
700 10 - ADDED ENTRY--PERSONAL NAME
Personal name Rahman, Atiqur,
Relator term joint author.
830 #0 - SERIES ADDED ENTRY--UNIFORM TITLE
Volume number/sequential designation no. 2.
830 #0 - SERIES ADDED ENTRY--UNIFORM TITLE
Uniform title Research monograph (Bangladesh Institute of Development Studies) ;
942 ## - ADDED ENTRY ELEMENTS (KOHA)
Source of classification or shelving scheme Dewey Decimal Classification
Koha item type Books
Holdings
Lost status Source of classification or shelving scheme Damaged status Not for loan Collection code Permanent Location Current Location Shelving location Date acquired Source of acquisition Cost, normal purchase price Total Checkouts Full call number Date last seen Copy number Koha item type
  Dewey Decimal Classification   Not For Loan Non-fiction Central Library, University of Rajshahi Central Library, University of Rajshahi Reading Room 25/02/1975 Mohiuddin and Sons, Dakha 20.00   332.0415095492 ALS 1974 22/12/2013 C-1 Books
  Dewey Decimal Classification     Non-fiction Central Library, University of Rajshahi Central Library, University of Rajshahi   22/02/1955 O.U.P 2.13   332.0415095492 ALS 1974 22/12/2013 C-2 Books
  Dewey Decimal Classification     Non-fiction Central Library, University of Rajshahi Central Library, University of Rajshahi   11/04/1984 Bangladesh Inst. Dhaka 30.00   332.0415095492 ALS 1974 07/08/2016 C-3 Books